Normal view
MARC view
- ISLAM-BIOGRAPHY-QARRON-E-AOLA KAY MUSLAMAN MUJAHADEEN IQBALIAT ISLAM-MUSLAMAN MUJAHADEEN
Entry Topical Term
001 - CONTROL NUMBER
- control field: 78847
003 - CONTROL NUMBER IDENTIFIER
- control field: NUST
005 - DATE AND TIME OF LATEST TRANSACTION
- control field: 20210628210303.0
008 - FIXED-LENGTH DATA ELEMENTS
- fixed length control field: 210628|| aca||aabn | a|a d
040 ## - CATALOGING SOURCE
- Original cataloging agency: NUST
- Transcribing agency: NUST
150 ## - HEADING--TOPICAL TERM
- Topical term or geographic name entry element: ISLAM-BIOGRAPHY-QARRON-E-AOLA KAY MUSLAMAN MUJAHADEEN IQBALIAT ISLAM-MUSLAMAN MUJAHADEEN
670 ## - SOURCE DATA FOUND
- Source citation: Work cat.: (NUST): Abdul Saboor Tariq 78846, Allam iqbal aur qarron-e-aola kay muslaman mujahadeen, 1995
